Los Diarios de Caracas : (Record no. 79426)

MARC details
000 -LEADER
campo de control de longitud fija 00898cam a2200289I 4500
001 - NÚMERO DE CONTROL
campo de control 37768
005 - FECHA Y HORA DE LA ÚLTIMA TRANSACCIÓN
campo de control 20230410130730.0
008 - DATOS DE LONGITUD FIJA--INFORMACIÓN GENERAL
campo de control de longitud fija 920914s1969 ve 000 0 spa
010 ## - NÚMERO DE CONTROL DE LA BIBLIOTECA DEL CONGRESO
Número de control de LC 76503798
035 ## - NÚMERO DE CONTROL DEL SISTEMA
Número de control de sistema (OCoLC)ocm26597182
040 ## - FUENTE DE CATALOGACIÓN
Centro catalogador/agencia de origen DLC
Centro/agencia transcriptor CUY
Centro/agencia modificador OCLCQ
025 ## - NÚMERO DE ADQUISICIÓN EXTRANJERO
Número de adquisición extranjero LACAP70-1290
035 ## - NÚMERO DE CONTROL DEL SISTEMA
Número de control de sistema (OCoLC)26597182
043 ## - CÓDIGO DE ÁREA GEOGRÁFICA
Código de área geográfica s-ve---
050 14 - SIGNATURA TOPOGRÁFICA DE LA BIBLIOTECA DEL CONGRESO
Número de clasificación PN 5104
Número de ítem D539 1969
082 00 - NÚMERO DE LA CLASIFICACIÓN DECIMAL DEWEY
Número de clasificación 079.87
049 ## - FONDOS LOCALES (OCLC)
Biblioteca depositaria GRAL
245 14 - MENCIÓN DEL TÍTULO
Título Los Diarios de Caracas :
Resto del título 1837-1967 /
Mención de responsabilidad, etc. coloquios de la A. V. P.
260 ## - PUBLICACIÓN, DISTRIBUCIÓN, ETC.
Lugar de publicación, distribución, etc. Caracas :
Nombre del editor, distribuidor, etc. Asociación Venezolana de Periodistas,
Fecha de publicación, distribución, etc. 1969.
300 ## - DESCRIPCIÓN FÍSICA
Extensión 79 p. ;
Dimensiones 18 cm.
500 ## - NOTA GENERAL
Nota general Programs televised by Venevision, July 3, 10, and 17, 1969.
650 #0 - PUNTO DE ACCESO ADICIONAL DE MATERIA--TÉRMINO DE MATERIA
Término de materia o nombre geográfico como elemento de entrada Venezuelan newspapers
Subdivisión geográfica Venezuela
-- Caracas
Subdivisión general History.
650 #4 - PUNTO DE ACCESO ADICIONAL DE MATERIA--TÉRMINO DE MATERIA
Término de materia o nombre geográfico como elemento de entrada Periódicos venezolanos
Subdivisión general Historia.
710 2# - ENTRADA AGREGADA--NOMBRE DE ENTIDAD CORPORATIVA
Nombre de entidad corporativa o nombre de jurisdicción como elemento de entrada Asociación Venezolana de Periodistas.
942 ## - ELEMENTOS DE ENTRADA SECUNDARIOS (KOHA)
Fuente del sistema de clasificación o colocación Clasificación de Library of Congress
Tipo de ítem Koha
994 ## -
-- C0
-- LTN
Holdings
Estatus retirado Estado de pérdida Fuente del sistema de clasificación o colocación Estado de daño No para préstamo Colección Biblioteca de origen Biblioteca actual Ubicación en estantería Fecha de adquisición Serial enumeration / chronology Signatura topográfica completa Código de barras Visto por última vez Copia número Tipo de ítem Koha
    Clasificación de Library of Congress     Humanidades Biblioteca Juan Bosch Biblioteca Juan Bosch Humanidades (4to. Piso) 10/04/2023 1 PN 5104 D539 1969 00000039055 25/10/2018 1